000 00550nam a2200193Ia 4500
005 20250508162731.0
008 008 250505s9999 xx 000 0 eng d
037 _aTextual
040 _aFEDL
_beng
_cFEDL
041 _aeng
_2eng
084 _a370, MUT
_qFEDL
100 _aMuttalib M.A. Ed.
_9773941
245 0 _aVoluntary action in education
260 _aNew Delhi, India
_bSterling Publishers Private Limited
_c1989
300 _axxxiv,199p.
650 _aEducation
942 _cTEXL
_h370, MUT
999 _c1378381
_d1378381